Alle Städte in NRW nach Buchstabe - T - Statistiken

Allgemein
  • Dieses Quiz wurde 83 mal gespielt
  • Das Durchschnittsergebnis liegt bei 3 aus 5
Antworten auf der Karte
Die Antworten werden auf der Karte rot bzw. grün angezeigt, abhängig davon wie oft sie richtig erraten wurden.
 
Antwortstatistiken
Name % Korrekt
Troisdorf
82%
Tecklenburg
66%
Telgte
63%
Tönisvorst
62%
Titz
38%
Keine übereinstimmenden Quizze gefunden
Verteilung der Resultate
Anzahl Personen mit jedem Resultat
Perzentil nach korrekt beantworteten Fragen
Ihre Resultats-Entwicklung
Sie haben dieses Quiz noch nicht gespielt